00510nam a2200181 a 45000010005000000030009000050080041000140200015000550400028000700820017000981000024001152450060001392500007001992600063002063000010002696500022002796500027003017489CO-ViMGA141112s2004 ck r 000 u spa d a9586351963 aCO-ViMGAbspacCO-ViMGA04a346.077 B1351 aBoena Upegui, Mario10aCurso de las obligaciones : bderecho civil y comercial a2a aSantafé de Bogotá : bLibreria del profesional, c1992 a585 p14aDERECHO COMERCIAL14aOBLIGACIONES - DERECHO